| 000 | 00407nam a2200157 4500 | ||
|---|---|---|---|
| 999 |
_c32139 _d60137 |
||
| 005 | 20201210101129.0 | ||
| 037 |
_aBC_331 86 _fbroch |
||
| 040 |
_aBC-ENSA _bfre |
||
| 041 | _afre | ||
| 110 | _aI.N.R.A. | ||
| 245 | _aProgramme de recherches | ||
| 260 |
_aALGER _bI.N.R.A. _c1968 |
||
| 562 | _e exemplaire(s) | ||
| 942 | _c09 | ||
| 653 | _aCOUT DES ALIMENTS/ECONOMIQUE/SOCIOLOGIE RURALES/PROGRAMME DE RECHERCHES | ||